Análisis del proceso de desarrollo e implementación de la facturación electrónica en Colombia para el control del recaudo tributario / (Registro nro. 5875)

Detalles MARC
000 -LEADER
fixed length control field 03757nam a2200277 i 4500
005 - DATE AND TIME OF LATEST TRANSACTION
control field 20250329165507.0
007 - PHYSICAL DESCRIPTION FIXED FIELD--GENERAL INFORMATION
fixed length control field ta
008 - FIXED-LENGTH DATA ELEMENTS--GENERAL INFORMATION
fixed length control field 200622s2021 000 0 eng d
040 ## - CATALOGING SOURCE
Original cataloging agency CO-CtgCURN
Language of cataloging spa
Transcribing agency coctgcurn
Description conventions rda
082 0# - DEWEY DECIMAL CLASSIFICATION NUMBER
Classification number TCS 2021
Item number S161
100 1# - MAIN ENTRY--PERSONAL NAME
Personal name Salas Núñez, Oscar David,
Relator term author.
Relationship aut
245 10 - TITLE STATEMENT
Title Análisis del proceso de desarrollo e implementación de la facturación electrónica en Colombia para el control del recaudo tributario /
Statement of responsibility, etc. Oscar David Salas Núñez; Jorge Leonardo Camacho Mejía.
260 ## - PUBLICATION, DISTRIBUTION, ETC.
Place of publication, distribution, etc. Cartagena de Indias :
Name of publisher, distributor, etc. Corporación Universitaria Rafael Núñez,
Date of publication, distribution, etc. 2021.
260 #4 - PUBLICATION, DISTRIBUTION, ETC.
Date of publication, distribution, etc. ©2021.
300 ## - PHYSICAL DESCRIPTION
Extent 30 hojas.
336 ## - CONTENT TYPE
Content type term text
Content type code txt
Source rdacontent
337 ## - MEDIA TYPE
Media type term unmediated
Media type code n
Source rdamedia
338 ## - CARRIER TYPE
Carrier type term volume
Carrier type code nc
Source rdacarrier
502 ## - DISSERTATION NOTE
Dissertation note Trabajo de grado (Tecnologo en contabilidad sistematizada). Corporación Universitaria Rafael Núñez. Facultad de Ciencias Administrativas y Contables. Programa de Tecnología en Contabilidad Sistematizada, 2021.
520 8# - SUMMARY, ETC.
Summary, etc. "Colombia expidió La resolución 000042 del (05 de mayo de 2020) Por la cual se desarrollan los sistemas de facturación, los proveedores tecnológicos, el registro de la factura electrónica de venta como título valor, se expide el anexo técnico de factura electrónica de venta y se dictan otras disposiciones en materia de sistemas de facturación. La Dirección De Impuestos Y Aduanas Nacionales (DIAN), ha venido avanzando en el desarrollo para la masificación de los distintos sistemas de facturación electrónica y sus equivalentes, con el fin último de implementar correctamente esta herramienta de control tributario, del mismo modo dentro del marco conceptual de esta resolución se encuentra implícito las generalidades que componen este sistema. La factura electrónica con validación previa a su expedición, en lo sucesivo factura electrónica de venta, según lo previsto en el art. 616-1 del presente estatuto tributario, hace parte de los diversos mecanismos que soportan las diversas operaciones de ventas de bienes y/o prestación de servicios, y que operativamente se realiza a través de los distintos mecanismos electrónicos y/o informáticos que cumplan con las especificaciones técnicas y tecnológicas que la unidad administrativa (DIAN) ha establecido en la presente resolución,dentro de este contexto consideramos los documentos que se derivan de los movimientos realizados por concepto de venta de bienes y/o servicios, tales como las notas débitos y créditos las cuales son documentos electrónicos, que de algún modo se encuentran asociados o no a la factura electrónica de venta. Es menester mencionar que el objetivo primordial propuesto por en este proyecto investigativo es analizar cómo se ha venido desarrollando el proceso de implementación de la facturación electrónica de venta y todo lo que esta engloba, para así poder medir de manera idónea de movimientos realizados, a través de una recolección metodológica que engloba parámetros descriptivos, además de una búsqueda conceptual que explique las distintas variables, por medio de la recolección de información de fuentes secundarias tales como artículos, libros, texto, paginas web y complementarios "
650 #0 - SUBJECT ADDED ENTRY--TOPICAL TERM
Topical term or geographic name entry element Contabilidad sistematizada
General subdivision Tesis y disertaciones académicas.
700 1# - ADDED ENTRY--PERSONAL NAME
Personal name Camacho Mejía, Jorge leonardo.
856 7# - ELECTRONIC LOCATION AND ACCESS
Uniform Resource Identifier <a href="https://unicurn.sharepoint.com/:b:/s/biblioteca/EZNa2Z0hTtRPm_XpqQkrXlkB9jHv8d1LZdcxXu8dZ2rtMw?e=k0y80t">https://unicurn.sharepoint.com/:b:/s/biblioteca/EZNa2Z0hTtRPm_XpqQkrXlkB9jHv8d1LZdcxXu8dZ2rtMw?e=k0y80t</a>
Public note Click aqui para ver el recurso en texto completo
942 ## - ADDED ENTRY ELEMENTS (KOHA)
Koha item type Trabajos de grado
Classification part TCS 2021
Item part S161
Institution code [OBSOLETE] MHC
-- MHC
Source of classification or shelving scheme Dewey Decimal Classification
Existencias
Withdrawn status Lost status Source of classification or shelving scheme Damaged status Not for loan Collection Home library Current library Shelving location Date acquired Total checkouts Full call number Barcode Date last seen Price effective from Koha item type
    Dewey Decimal Classification     Trabajos de grado Miguel Henríquez Castañeda Miguel Henríquez Castañeda Trabajo de grado 03/29/2025   TCS 2021 S161 023505 03/29/2025 03/29/2025 Trabajos de grado